000 00907nam a2200253 a 4500
001 000009487
005 20250129172122.0
008 090930s1995 dr 000 p spa d
040 _aDO-SdBNP
_bspa
_cBNPHU
082 _aRD861.44
_bA277r
100 1 _aAgramonte, Carlos,
_d1954-
_9858
245 1 0 _aRaíz :
_bpoemas /
_cCarlos Agramonte.
260 _aSanto Domingo :
_bUniversitaria,
_c1995.
300 _a155 p. ;
_c21 cm.
490 1 _aArte y sociedad
_v36
490 1 _aPublicaciones de la Universidad Autónoma de Santo Domingo
_v765
500 _aIncluye datos biográficos del autor en la contracubierta
590 _aInventariado, 2018/VM
650 0 _aPoesía dominicana
_966
650 0 _aLiteratura dominicana.
_967
830 0 _aArte y sociedad
_n36
_924296
830 0 _aPublicaciones de la Universidad Autónoma de Santo Domingo
_n765
_924297
910 _aValidado. Control de calidad MMOLINA
999 _c9247
_d9247